Представление документа в формате MARC21

Поле Инд. ПП Название Значение
Тип записи a
Библиографический уровень m
001 Контрольный номер 2a4f4c69-da34-44ca-bfde-854bbea967c3
005 Дата корректировки 20140226141926.4
008 Кодируемые данные 950630s1995 rur 00000 rus d
020 c Цена, тираж 2005.00
080 a Индекс УДК 536.755(075.8)
084 a Индекс другой классификации/Индекс ББК В317.1я731-1
090 c Каталожный индекс В317.1я731-1
x Авторский знак Щ61
a Полочн. индекс В317.1
100 1_ a Автор Щербаков Леонид Михайлович
110 0_ g Прочая информация Калинин. гос. ун-т
245 0_ a Заглавие Введение в неравновесную термодинамику
b Продолж. заглавия Учеб. пособие
c Ответственность Калинин. гос. ун-т
260 0_ a Место издания Калинин
c Дата издания 1985
300 a Объем 78 с.
b Иллюстрации/ тип воспроизводства ил.
500 a Примечание Библиогр.: с. 77-78.
583 a Действие Приписка 333 24.10.97
k Исполнитель действия Обмен
650 a Основная рубрика Термодинамика
x Основная подрубрика Учебники для вузов
653 a Ключевые слова Термодинамика
a Ключевые слова Неравновесная термодинамика
a Ключевые слова Учебники
700 1_ a Другие авторы Самсонов Владимир Михайлович
852 t Порядковый номер экземпляра 1
p Инвентарный номер 688320
888 a Бесплатные
930 a Новая/Ретро Учебники
952 p 333 2005.00 1 688320
c Вид литературы К рн
954 a Дата поступления на обработку 27.10.97
999 a Подразделение 2 Фил3